[Event "XXXV Open"]
[Site "Badalona ESP"]
[Date "2009.08.07"]
[Round "7"]
[White "Bacallao Alonso,Y"]
[Black "Brandenburg,D"]
[Result "0-1"]
[WhiteElo "2467"]
[BlackElo "2463"]

1.Nf3 d5 2.g3 Nf6 3.Bg2 e6 4.O-O Be7 5.b3 O-O 6.Bb2 a5 7.a4 c6 8.d4 b5 9.Nbd2 Bb7
10.c4 bxc4 11.bxc4 c5 12.dxc5 Na6 13.Rb1 Nxc5 14.Nd4 Qd7 15.Nb5 dxc4 16.Bxb7 Qxb7
17.Qc2 Rfd8 18.Nxc4 Qe4 19.Qxe4 Nfxe4 20.Be5 Nd2 21.Nxd2 Rxd2 22.Rfc1 Rxe2
23.Bd4 Na6 24.Be3 Bf6 25.Nd6 Nb4 26.Rc7 Be5 27.Rd7 Bxd6 28.Rxd6 h6 29.Bc5 Re4
30.Rd4 Rxd4 31.Bxd4 Rc8 32.Bb6 Rc4 33.Bxa5 Nc6 34.Bd2 Rxa4 35.Rb7 Nd4 36.Kg2 Ra2
37.Be3 Nf5 38.Bc5 Rc2 39.Ba7 g5 40.h3 h5 41.g4 Nh4+ 42.Kh2 hxg4 43.hxg4 Rc4
44.Kg3 Rc3+ 45.Kh2 Rc4 46.Kg3 Ng6 47.Bb8 Rc3+ 48.Kh2 e5 49.Ba7 Rc4 50.Kg3 Nh4
51.Be3 f6 52.Ra7 Rb4 53.Rc7 Rb1 54.Ra7 Rg1+ 55.Kh3 Rd1 56.Kg3 Rg1+ 57.Kh3 Nf3
58.Rb7 f5  0-1

[Event "FSGM August"]
[Site "Budapest HUN"]
[Date "2009.08.07"]
[Round "7"]
[White "Shen Siyuan"]
[Black "Varga,Zo"]
[Result "1/2-1/2"]
[WhiteElo "2321"]
[BlackElo "2473"]

1.Nf3 d5 2.g3 c6 3.Bg2 Bg4 4.O-O Nd7 5.d4 e6 6.Nbd2 Ngf6 7.Re1 Be7 8.e4 O-O
9.c3 Bh5 10.Qb3 Qb6 11.exd5 cxd5 12.Qxb6 axb6 13.Nb3 b5 14.a3 Bxf3 15.Bxf3 Nb6
16.Bg5 Nc4 17.Re2 Rfc8 18.Bg2 h6 19.Bxf6 Bxf6 20.Rae1 b6 21.Rd1 Rc7 22.Nc1 Be7
23.Nd3 Bd6 24.Rde1 g6 25.f4 h5 26.h3 Kg7 27.Bf3 Nxa3 28.Ra1 Ra5 29.bxa3 Rxc3
30.Rd1 Raxa3 31.Red2 h4 32.Kg2 hxg3 33.Be2 b4 34.Rb2 b3 35.Kxg3 Ra4 36.Rdb1 Rxd4
37.Rxb3 Bxf4+ 38.Kf3 Rxb3 39.Rxb3 Bc7 40.Rc3 Rc4 41.Rxc4 dxc4 42.Nb4 c3 43.Ke4 Bg3
44.Kd4 Be1 45.Ke5 g5 46.Bd3 Kf8 47.Nc6 Bf2 48.Kf6 Bh4 49.Ke5 Ke8 50.Bc2 Kd7
51.Ba4 f6+ 52.Kd4 Be1 53.Ne5+ Kd6 54.Nf3 Bd2 55.h4 gxh4 56.Nxh4 f5 57.Ng6  1/2-1/2

[Event "FSGM August"]
[Site "Budapest HUN"]
[Date "2009.08.07"]
[Round "7"]
[White "Shen Siyuan"]
[Black "Varga,Zo"]
[Result "1/2-1/2"]
[WhiteElo "2321"]
[BlackElo "2473"]

1.Nf3 d5 2.g3 c6 3.Bg2 Bg4 4.O-O Nd7 5.d4 e6 6.Nbd2 Ngf6 7.Re1 Be7 8.e4 O-O
9.c3 Bh5 10.Qb3 Qb6 11.exd5 cxd5 12.Qxb6 axb6 13.Nb3 b5 14.a3 Bxf3 15.Bxf3 Nb6
16.Bg5 Nc4 17.Re2 Rfc8 18.Bg2 h6 19.Bxf6 Bxf6 20.Rae1 b6  1/2-1/2

[Event "GMA"]
[Site "Olomouc CZE"]
[Date "2009.08.09"]
[Round "5"]
[White "Grandelius,N"]
[Black "Dubov,Danii"]
[Result "1/2-1/2"]
[WhiteElo "2515"]
[BlackElo "2421"]

1.Nf3 d5 2.g3 c6 3.Bg2 Nf6 4.c4 dxc4 5.O-O h6 6.Na3 Be6 7.Qc2 g6 8.Nxc4 Bg7
9.b4 O-O 10.Bb2 Na6 11.a3 c5 12.Nfe5 Qc8 13.bxc5 Nxc5 14.Rac1 Bh3 15.d4 Bxg2
16.Kxg2 Ncd7 17.Qb3 Nxe5 18.dxe5 Qc6+ 19.Kg1 Nd7 20.Ne3 Qb6 21.Qxb6 Nxb6
22.Rc7 Rab8 23.Rxe7 Rfc8 24.Rc1 Rxc1+ 25.Bxc1 Kf8 26.Rc7 Bxe5 27.Rc5 Bd6
28.Rb5 Rc8 29.Bb2 Bc5 30.Ng4 h5 31.Ne5 Ke7 32.Nd3 Bd6 33.Bd4 Bxa3 34.Ra5 Nc4
35.Rxa7 Rc7 36.Ne5 Bb2 37.Bc5+ Rxc5 38.Rxb7+ Ke6 39.Nxc4 Bg7 40.Rb6+ Ke7
41.Rb4 Ke6 42.Kg2 Bc3 43.Ra4 Rc6 44.Ne3 Bg7 45.Re4+ Kd7 46.Nd5 Bf8 47.e3 Ba3
48.Rd4 Bd6 49.Kf3 Ke6 50.e4 f5 51.Ne3 fxe4+ 52.Rxe4+ Kf6 53.Nd5+ Kf7 54.Ra4 Ke6
55.Ne3 Rc8 56.Ra5 h4 57.gxh4 Bxh2 58.h5 gxh5 59.Rxh5 Bd6 60.Rh6+ Kf7  1/2-1/2

[Event "Pan-American Teams"]
[Site "Mendes BRA"]
[Date "2009.08.10"]
[Round "2"]
[White "Bruzon Batista,L"]
[Black "Barrientos,S"]
[Result "1-0"]
[WhiteElo "2619"]
[BlackElo "2474"]

1.Nf3 d5 2.g3 c6 3.Bg2 Bg4 4.O-O Nd7 5.d4 e6 6.Nbd2 f5 7.c4 Bd6 8.Qb3 Rb8
9.Re1 Bh5 10.cxd5 cxd5 11.e4 fxe4 12.Ng5 Bf7 13.Bxe4 Qxg5 14.Bxd5 Kf8 15.Bxe6 Re8
16.Ne4 Bxe6 17.Nxd6 Qe7 18.Qf3+ Ngf6 19.Nxe8 Kxe8 20.Bd2 Nb6 21.Rxe6 Qxe6
22.Re1 Qxe1+ 23.Bxe1 Nbd5 24.Qb3  1-0

[Event "XII Bancpost A"]
[Site "Miercurea Ciuc ROM"]
[Date "2009.08.10"]
[Round "2"]
[White "Tamas,S"]
[Black "Cosmulescu,A"]
[Result "1-0"]
[WhiteElo "1789"]
[BlackElo "1819"]

1.Nf3 d5 2.g3 c6 3.d4 e6 4.Bg2 f5 5.Qd3 Nf6 6.Nbd2 Bd6 7.c4 O-O 8.h4 Ne4
9.Ng5 h6 10.Nh3 Nd7 11.c5 Bc7 12.Nf3 e5 13.b4 Qe7 14.Bb2 Re8 15.h5 exd4 16.Nxd4 Ne5
17.Qc2 Nc4 18.Nf4 Bxf4 19.gxf4 Nxf2 20.Kxf2 Qe3+ 21.Kf1 Qg3 22.Bc1 Ne3+ 23.Bxe3 Rxe3
24.Nf3 Qxf4 25.Rh3 Qxb4 26.Rc1 Qf4 27.Kg1 Rxe2 28.Qxe2 Qxc1+ 29.Kh2 Qxc5
30.Qe5 Qf8 31.Rg3 f4 32.Rg6 Bf5 33.Rd6 Re8 34.Qxf4 Re4 35.Qg3 Qe7 36.Rxh6 Rg4
37.Qb8+ Kf7 38.Ne5+  1-0

[Event "GMA"]
[Site "Olomouc CZE"]
[Date "2009.08.10"]
[Round "6"]
[White "Mirumian,V"]
[Black "Arslanov,S"]
[Result "1/2-1/2"]
[WhiteElo "2506"]
[BlackElo "2376"]

1.Nf3 d5 2.g3 Bg4 3.Bg2 Nd7 4.O-O c6 5.d3 Ngf6 6.Qe1 e5 7.e4 dxe4 8.dxe4 Bc5
9.Nbd2 O-O 10.h3 Bh5 11.a4 Qe8 12.Nc4 Nb6 13.Na5 Rb8 14.Nh4 Nc8 15.Bg5 Nd6
16.Nb3 Bb6 17.Nf5 Bg6 18.a5 Bc7 19.g4 Bxf5 20.gxf5 h6 21.Bh4 b6 22.axb6 Bxb6
23.Rd1 Qe7 24.Kh1 Rfd8 25.Qe3 Qe8 26.Rde1 Nb5 27.Qg3 Kh7 28.Rg1 Qe7 29.Bf1 Rg8
30.Rg2 Bc7 31.Bd3 g5 32.fxg6+ fxg6 33.Bxf6 Qxf6 34.Nc5 Rg7 35.Na6 Rd8  1/2-1/2

[Event "Jubilee Open"]
[Site "Zuerich SUI"]
[Date "2009.08.11"]
[Round "4"]
[White "Harikrishna,P"]
[Black "Lauber,A"]
[Result "1-0"]
[WhiteElo "2679"]
[BlackElo "2517"]

1.Nf3 d5 2.g3 Nf6 3.Bg2 Bf5 4.c4 e6 5.Qb3 Na6 6.cxd5 exd5 7.Nd4 Bc8 8.O-O Be7
9.d3 O-O 10.Nc3 c5 11.Nc2 d4 12.Nd5 Nxd5 13.Qxd5 Nc7 14.Qh5 Rb8 15.b4 cxb4
16.Rb1 g6 17.Qa5 Bg4 18.Nxd4 Qxd4 19.Qxc7 Bd6 20.Qc2 Qc3 21.Qd1 Rfe8 22.Re1 a5
23.Bb2 Qc7 24.Qd2 Be5 25.d4 Bg7 26.Rbc1 Qb6 27.e4 b3 28.h3 Bd7 29.d5 bxa2
30.Bxg7 Kxg7 31.Qxa2 a4 32.e5 Ra8 33.Rb1 Qa6 34.Qa3 Rab8 35.h4 b5 36.Qa1 Kg8
37.h5 gxh5 38.e6 Bxe6 39.Qf6 Qd6 40.Re5 h6 41.Bh3 Qxe5 42.Qxe5 Bxh3 43.Qxh5 a3
44.Qxh3 b4 45.Qg4+ Kf8 46.Qc4 Kg8 47.Kg2  1-0

[Event "XVIII TCh-MKD"]
[Site "Struga MKD"]
[Date "2009.08.12"]
[Round "3"]
[White "Stamenkov,V"]
[Black "Volokitin,And"]
[Result "0-1"]
[WhiteElo "2342"]
[BlackElo "2678"]

1.Nf3 d5 2.g3 c5 3.Bg2 Nf6 4.O-O e6 5.c4 d4 6.b4 cxb4 7.a3 Nc6 8.d3 a5 9.e3 Be7
10.axb4 Bxb4 11.exd4 Nxd4 12.Ba3 Nc6 13.Bxb4 Nxb4 14.d4 O-O 15.Na3 Bd7 16.Ne5 Bc6
17.Nxc6 Nxc6 18.Nb5 Qd7 19.Qd2 b6 20.Rfd1 Rab8 21.Qf4 Rfd8 22.Bf3 Nb4 23.g4 Ne8
24.d5 exd5 25.Bxd5 Qe7 26.Nd4 Nd6 27.Rab1 Rbc8 28.Rxb4 axb4 29.Nc6 Rxc6 30.Bxc6 Nb7
31.Bd5 Rf8 32.Rb1 Nc5 33.Qd2 b3 34.Qb4 Qf6 35.Qb5 Qg6 36.Rc1 Qxg4+ 37.Kh1 Nd3
38.Bxf7+ Kh8  0-1

[Event "ch-FRA National B"]
[Site "Nimes FRA"]
[Date "2009.08.13"]
[Round "4"]
[White "Bricard,E"]
[Black "Vaisser,A"]
[Result "1/2-1/2"]
[WhiteElo "2469"]
[BlackElo "2514"]

1.Nf3 d5 2.g3 g6 3.Bg2 Bg7 4.d4 Nf6 5.O-O O-O 6.Be3 Be6 7.Qc1 Qc8 8.Bh6 Bh3
9.Bxg7 Kxg7 10.c4 Bxg2 11.Kxg2 c6 12.cxd5 cxd5 13.Qxc8 Rxc8 14.Nc3 Nc6 15.Rac1  1/2-1/2

[Event "ch-FRA National B"]
[Site "Nimes FRA"]
[Date "2009.08.13"]
[Round "4"]
[White "Charnushevich,A"]
[Black "Abergel,T"]
[Result "1-0"]
[WhiteElo "2503"]
[BlackElo "2517"]

1.Nf3 d5 2.g3 Nf6 3.Bg2 c6 4.O-O Bg4 5.d3 Nbd7 6.Nbd2 e6 7.e4 dxe4 8.dxe4 Bc5
9.h3 Bh5 10.Qe1 Qc7 11.Kh1 O-O-O 12.a3 e5 13.b4 Bb6 14.Nc4 Bxf3 15.Bxf3 a6
16.a4 Kb8 17.Qe2 Bd4 18.Ra3 Nb6 19.Nd2 Nc8 20.c3 Ba7 21.Nb3 Nd6 22.Nc5 Bxc5
23.bxc5 Nc8 24.Rb3 Ka7 25.Be3 Rhe8 26.Rfb1 Re7 27.Qc4 Qa5 28.Bg2 Ka8 29.f4 exf4
30.Bxf4 Rdd7 31.Bd6 Nxd6 32.cxd6 Rxd6 33.e5 Rxe5 34.Rxb7 Re1+ 35.Kh2 Rxb1
36.Rxb1 Ka7 37.Bxc6 Rd2+ 38.Kh1 Rd7 39.Bxd7 Nxd7 40.Qc6 Nc5 41.Qc8  1-0

[Event "Open"]
[Site "Olomouc CZE"]
[Date "2009.08.13"]
[Round "9"]
[White "Schulz,Jo"]
[Black "Oresky,J"]
[Result "1/2-1/2"]
[WhiteElo "2281"]
[BlackElo "2150"]

1.Nf3 d5 2.g3 c5 3.Bg2 Nc6 4.d4 Nf6 5.O-O cxd4 6.Nxd4 e5 7.Nxc6 bxc6 8.c4 Be7
9.Nc3 e4 10.Bg5 O-O 11.cxd5 cxd5 12.Bxf6 Bxf6 13.Qxd5 Qxd5 14.Nxd5 Bxb2 15.Rab1 Be5
16.Ne7+ Kh8 17.Bxe4 Bh3 18.Bxa8 Bxf1 19.Kxf1 Rxa8 20.Nc6 Bc3 21.Rb3 Bf6 22.Rb7 a5
23.Nxa5 h5 24.Nc4 Rxa2 25.Rxf7 h4 26.gxh4 Bxh4 27.Ne5 Bf6 28.Nf3 Ra1+ 29.Kg2 Ra2
30.e3 Rb2 31.Rd7 Kg8 32.Rd2 Rb4 33.h3 Kf7 34.Nh2 Ke6 35.Ng4 Bc3 36.Rc2 Rb3
37.f4 g5 38.fxg5 Kf5 39.Nf2 Bb4 40.h4 Rxe3 41.Rc6 Be7 42.Rb6 Re5 43.Kf3 Ra5
44.Ne4 Ra3+ 45.Kg2 Ra4 46.Ng3+ Kg4 47.Re6 Ra2+ 48.Ne2 Bxg5 49.hxg5 Kxg5 50.Kf3 Ra3+
51.Ke4 Ra1 52.Re5+ Kf6 53.Rf5+ Ke7 54.Nd4 Ra4 55.Rb5 Kd6 56.Rb6+ Kc7 57.Rc6+ Kd7
58.Rh6 Ke7 59.Rb6 Kd7 60.Kd5 Ra5+ 61.Nb5 Ke7 62.Ke5 Kd7 63.Kf6 Ra1 64.Rd6+ Kc8
65.Ke6 Re1+ 66.Kd5 Rd1+ 67.Nd4 Kc7 68.Rh6 Kb7 69.Kc5 Rc1+ 70.Kd6 Rd1 71.Kd5 Kc7  1/2-1/2

[Event "59th ch-HUN"]
[Site "Szeged HUN"]
[Date "2009.08.13"]
[Round "5"]
[White "Prohaszka,P2"]
[Black "Erdos,V"]
[Result "1/2-1/2"]
[WhiteElo "2508"]
[BlackElo "2565"]

1.Nf3 d5 2.g3 Nf6 3.Bg2 c6 4.O-O Bf5 5.d3 e6 6.Nfd2 h6 7.e4 Bh7 8.Nc3 Be7
9.Qe2 Na6 10.f4 Qc7 11.a3 Rd8 12.Kh1 dxe4 13.Ncxe4 O-O 14.b3 Nxe4 15.Nxe4 Nc5
16.Bb2 Nxe4 17.Bxe4 Bxe4+ 18.Qxe4 Rfe8 19.Rae1 Qd7 20.Re2 Qd5 21.g4 Bd6 22.Qg2 Qxg2+
23.Kxg2 f6 24.Kf3 Kf7 25.Rfe1 Bc5 26.h3 Bd4 27.Bxd4 Rxd4 28.Re4 Rxe4 29.Rxe4 Rd8
30.Ra4 a6 31.Rc4  1/2-1/2

[Event "A2Bmedialtd.com Int Gp A"]
[Site "Uxbridge ENG"]
[Date "2009.08.13"]
[Round "2"]
[White "Rausis,I"]
[Black "Venkataramanan,T"]
[Result "1-0"]
[WhiteElo "2512"]
[BlackElo "2267"]

1.Nf3 d5 2.g3 Nf6 3.Bg2 g6 4.c4 Bg7 5.cxd5 Nxd5 6.d4 O-O 7.O-O c5 8.Nc3 Nxc3
9.bxc3 Nc6 10.Be3 cxd4 11.cxd4 Bg4 12.Rb1 Bxf3 13.Bxf3 Nxd4 14.Rxb7 Nxf3+
15.exf3 Qa5 16.Qb3 Bf6 17.Rc1 Rfd8 18.Kg2 h5 19.Rc6 Rd5 20.Bc5 Qxc5 21.Rxc5 Rxc5
22.Rb8+ Rxb8 23.Qxb8+ Kg7 24.Qxa7 Rc2 25.a4 Rd2 26.Qe3 Rd5 27.Qe1 Bd4 28.Qxe7 Bc5
29.Qc7  1-0

[Event "Jubilee Open"]
[Site "Zuerich SUI"]
[Date "2009.08.13"]
[Round "7"]
[White "Das,Arg"]
[Black "Giri,A"]
[Result "1/2-1/2"]
[WhiteElo "2392"]
[BlackElo "2518"]

1.g3 d5 2.Nf3 c6 3.Bg2 Bg4 4.d3 Nd7 5.h3 Bh5 6.Nbd2 e5 7.e4 Ngf6 8.O-O Bd6
9.b3 O-O 10.Bb2 Re8 11.Qe1 a5 12.a3 dxe4 13.dxe4 b5 14.Nh4 a4 15.b4 c5 16.c3 c4
17.Ndf3 Qb6 18.Rd1 Rad8 19.Bc1 Qc6 20.Nf5 Bf8 21.g4 Bg6 22.N3h4 Nb6 23.Qe2 Na8
24.Rxd8 Rxd8 25.Rd1 Rxd1+ 26.Qxd1 Qd7 27.Qxd7 Nxd7 28.Bf3 h6 29.Ng2 f6 30.h4 Bf7  1/2-1/2

[Event "25th Open"]
[Site "Geraadsbergen BEL"]
[Date "2009.08.14"]
[Round "6"]
[White "Gorshkov,L"]
[Black "Ringoir,T"]
[Result "0-1"]
[WhiteElo "2108"]
[BlackElo "2406"]

1.Nf3 d5 2.g3 Nf6 3.Bg2 Bf5 4.d3 e6 5.O-O h6 6.Nbd2 Be7 7.b3 O-O 8.Bb2 Nbd7
9.c4 c6 10.h3 Re8 11.Re1 Bh7 12.a3 a5 13.Rc1 Rc8 14.Rc2 Qb6 15.Qa1 Bc5 16.Bd4 Bxd4
17.Qxd4 Qxd4 18.Nxd4 e5 19.N4f3 e4 20.dxe4 dxe4 21.Nd4 e3 22.fxe3 c5 23.Nb5 Bxc2
24.Nd6 Rb8 25.Nxe8 Rxe8 26.Bxb7 Rxe3 27.Kf2 Re7 28.Rc1 Be4 29.Nxe4 Nxe4+
30.Kg2 Nd2 31.Kf2 Nxb3 32.Re1 Nf6  0-1

[Event "XVIII TCh-MKD"]
[Site "Struga MKD"]
[Date "2009.08.14"]
[Round "5"]
[White "Stojchev,G"]
[Black "Temkov,B"]
[Result "1-0"]
[WhiteElo "2247"]
[BlackElo "1979"]

1.Nf3 d5 2.g3 c6 3.Bg2 Nf6 4.d3 Nbd7 5.O-O e5 6.Nc3 h6 7.e4 Bb4 8.exd5 Nxd5
9.Nxd5 cxd5 10.c3 Bd6 11.Qb3 Nf6 12.Nxe5 O-O 13.d4 Rb8 14.Re1 Be6 15.Bf4 g5
16.Be3 Bxe5 17.dxe5 d4 18.Qc2 dxe3 19.exf6 exf2+ 20.Qxf2 b5 21.h4 Kh8 22.hxg5 Rg8
23.Re5 Qb6 24.Be4 Rxg5 25.Rxg5 hxg5 26.Qxb6 Rxb6 27.Rd1 Rb8 28.Kf2 a5 29.a3 Kg8
30.Rh1 Rd8 31.Ke3 Rd6 32.Rh5 Bd7 33.Rxg5+ Kf8 34.Rd5 Rxd5 35.Bxd5  1-0

[Event "A2Bmedialtd.com Int Gp A"]
[Site "Uxbridge ENG"]
[Date "2009.08.14"]
[Round "4"]
[White "Ocantos,M"]
[Black "Tozer,R"]
[Result "1-0"]
[WhiteElo "2141"]
[BlackElo "2296"]

1.Nf3 d5 2.g3 Nf6 3.Bg2 c6 4.d4 Bf5 5.O-O e6 6.b3 Nbd7 7.c4 Be7 8.Bb2 O-O
9.Nbd2 Ne4 10.Nxe4 Bxe4 11.Qd2 a5 12.c5 b6 13.cxb6 Qxb6 14.Ne5 Nxe5 15.Bxe4 dxe4
16.dxe5 Rfd8 17.Qf4 Qb4 18.Rab1 h6 19.h4 a4 20.Rfc1 axb3 21.axb3 c5 22.Bc3 Qb7
23.Rb2 Ra3 24.Rcb1 Rb8 25.Qc1 Qa8 26.Kh2 Ra6 27.b4 cxb4 28.Bxb4 Rc8 29.Qe3 Bxb4
30.Rxb4 Ra4 31.Rb7 Rac4 32.Qf4 Rf8 33.Rd7 Qc6 34.Rbb7 e3 35.Rxf7  1-0

[Event "A2Bmedialtd.com Int Gp B"]
[Site "Uxbridge ENG"]
[Date "2009.08.14"]
[Round "5"]
[White "McNab,C"]
[Black "Arun Prasad,S"]
[Result "1/2-1/2"]
[WhiteElo "2474"]
[BlackElo "2556"]

1.Nf3 d5 2.g3 Nf6 3.Bg2 c6 4.d3 Bg4 5.Nbd2 Nbd7 6.h3 Bxf3 7.Bxf3 e5 8.e4 dxe4
9.dxe4 Bc5 10.O-O O-O 11.a4 a5 12.Nc4 Qc7 13.Qe2 Nb6  1/2-1/2

[Event "Abu Dhabi Festival Open"]
[Site "Abu Dhabi UAE"]
[Date "2009.08.15"]
[Round "3"]
[White "AlHuwar,J"]
[Black "Andriasian,Z"]
[Result "0-1"]
[WhiteElo "2297"]
[BlackElo "2585"]

1.Nf3 d5 2.g3 c6 3.Bg2 Bg4 4.c4 e6 5.O-O Nd7 6.cxd5 exd5 7.h3 Bh5 8.d3 Ngf6
9.Nc3 Bc5 10.e4 dxe4 11.dxe4 O-O 12.g4 Bg6 13.e5 Ne4 14.Nxe4 Bxe4 15.Re1 Bxf3
16.Qxf3 Re8 17.Bf4 Nf8 18.Red1 Qb6 19.b4 Bd4 20.Rab1 Ng6 21.b5 c5 22.Bg3 Re7
23.Qf5 Rae8 24.Bd5 Bxe5 25.f4 Bd4+ 26.Kh1 Qa5 27.Rf1 Nf8 28.Bh4 g6 29.Qc2 Re3
30.Bg2 Re2 31.Qc4 R8e3 32.Rbd1 Qa3  0-1

[Event "24th Open"]
[Site "Schwarzach AUT"]
[Date "2009.08.15"]
[Round "1"]
[White "Roos,Dan"]
[Black "Wieser,R"]
[Result "1/2-1/2"]
[WhiteElo "2431"]
[BlackElo "2070"]

1.Nf3 d5 2.g3 Nf6 3.Bg2 c5 4.O-O Nc6 5.d4 e6 6.c4 Be7 7.dxc5 Bxc5 8.Nbd2 O-O
9.cxd5 exd5 10.Nb3 Bb6 11.Bg5 h6 12.Bxf6 Qxf6 13.Qd2 Bg4 14.Rac1 Rfe8 15.Rc2 Rad8  1/2-1/2

[Event "Jubilee Open"]
[Site "Zuerich SUI"]
[Date "2009.08.15"]
[Round "9"]
[White "Meier,Geo"]
[Black "Alsina Leal,D"]
[Result "1-0"]
[WhiteElo "2658"]
[BlackElo "2529"]

1.Nf3 d5 2.g3 Nf6 3.Bg2 c6 4.O-O Bf5 5.c4 e6 6.cxd5 exd5 7.d3 h6 8.Nc3 Be7
9.Nd4 Bh7 10.e4 dxe4 11.dxe4 Nbd7 12.Qe2 Qc7 13.Nf5 Bxf5 14.exf5 Qe5 15.Re1 Qxe2
16.Rxe2 Kd8 17.Bf4 Re8 18.Rd1 Kc8 19.Nb5 Bf8 20.Rc2 Ne5 21.Nd4 Nfd7 22.Nxc6 bxc6
23.Bxc6 Nxc6 24.Rxc6+ Kd8 25.Bc7+ Kc8 26.Bd6+ Kd8 27.Bxf8 Rxf8 28.Rcd6 Ke7
29.Rxd7+ Kf6 30.R1d6+ Kxf5 31.Ra6 Rac8 32.Raxa7 Kg6 33.b4  1-0

[Event "ch-CAN"]
[Site "Guelph CAN"]
[Date "2009.08.16"]
[Round "9"]
[White "Humphreys,M"]
[Black "Porper,E"]
[Result "1/2-1/2"]
[WhiteElo "1999"]
[BlackElo "2448"]

1.Nf3 d5 2.g3 c6 3.Bg2 Bg4 4.O-O Nd7 5.c4 e6 6.b3 Ngf6 7.Bb2 Bd6 8.Na3 O-O
9.d3 Qe7 10.Nc2 Rad8 11.a3 Rfe8 12.Qe1 Bb8 13.Ne3 Bh5 14.b4 Bxf3 15.Bxf3 Be5
16.Qc1 Bxb2 17.Qxb2 Qd6 18.Rfd1 h5 19.Qd4 b6 20.Qh4 g6 21.d4 b5 22.c5 Qc7
23.a4 Rb8 24.h3 Kg7 25.Kg2 Rb7 26.Qg5 Nf8 27.Ra3 bxa4 28.Rxa4 Qb8 29.Nc2 e5
30.dxe5 Rxe5 31.Qc1 Ne6 32.Nd4 Nxd4 33.Rxd4 Re6 34.Qa3 Rbe7 35.Ra6 Ne4 36.Bxe4 dxe4
37.Qc3 Kh7 38.Qc4 Qe5 39.h4 Rf6 40.Rd6 Rxd6 41.cxd6 Qxd6 42.Rxc6  1/2-1/2

[Event "24th Open"]
[Site "Schwarzach AUT"]
[Date "2009.08.16"]
[Round "2"]
[White "Stephan,Ax"]
[Black "Marcelin,C"]
[Result "0-1"]
[WhiteElo "2257"]
[BlackElo "2498"]

1.Nf3 d5 2.g3 Bg4 3.Bg2 Nd7 4.O-O c6 5.d3 e5 6.Nbd2 Ngf6 7.e4 dxe4 8.dxe4 Bc5
9.c3 a5 10.b3 O-O 11.Qc2 b5 12.a4 Re8 13.h3 Bh5 14.b4 axb4 15.cxb4 Bxb4 16.Qxc6 Qb6
17.Qc2 Nc5 18.Rb1 Rxa4 19.Rxb4 Rxb4 20.Ba3 Na6 21.Bxb4 Nxb4 22.Qc3 Bxf3 23.Qxb4 Bxg2
24.Kxg2 Qc6 25.Rb1 Rb8 26.Rb3 h6 27.Rd3 Ra8 28.Rc3 Qd7 29.Rc5 Ra2 30.Nf3 Qa7
31.Nxe5 Rxf2+ 32.Kxf2 Qxc5+ 33.Qxc5 Nxe4+ 34.Ke3 Nxc5 35.Kd4 Ne6+  0-1

[Event "24th Open"]
[Site "Tetevan BUL"]
[Date "2009.08.16"]
[Round "2"]
[White "Galunov,T"]
[Black "Andreev,Sa"]
[Result "1-0"]
[WhiteElo "2341"]
[BlackElo "2090"]

1.Nf3 d5 2.g3 c5 3.Bg2 Nc6 4.d4 Nf6 5.O-O e6 6.c4 dxc4 7.Ne5 Nxe5 8.dxe5 Nd7
9.f4 Be7 10.Na3 Nb6 11.Qxd8+ Kxd8 12.Rd1+ Kc7 13.Nb5+ Kb8 14.Be3 Nd5 15.Bxd5 exd5
16.Rxd5 Be6 17.Rd2 b6 18.Rad1 a6 19.Nc3 Kc7 20.f5 Bxf5 21.Nd5+ Kd7 22.Nxb6+ Ke6
23.Nxa8 Rxa8 24.Rc1  1-0

[Event "24th Open"]
[Site "Tetevan BUL"]
[Date "2009.08.16"]
[Round "3"]
[White "Vachev,V"]
[Black "Janev,T"]
[Result "1/2-1/2"]
[WhiteElo "2144"]
[BlackElo "2322"]

1.Nf3 d5 2.g3 Nf6 3.Bg2 Bf5 4.O-O Nbd7 5.c4 c6 6.cxd5 cxd5 7.d3 e6 8.Qb3 Nc5
9.Qd1 Be7 10.Nc3 O-O 11.Bf4 Qb6 12.Rb1 Rac8 13.Na4 Qa6 14.Nxc5 Rxc5 15.Be3 Rc7
16.Qb3 Nd7 17.Nd4 Bg6 18.f4 Bc5 19.Bf2 Rfc8 20.Bh3 Nf6 21.Rfe1 Bh5 22.Kh1 Qb6
23.Qxb6 Bxb6 24.Bf1 Bg6 25.h3 h5 26.Kg2 Nd7 27.Nb5 Rc2 28.Bxb6 Nxb6 29.Nd4 R2c5
30.Kf2 Kf8 31.g4 hxg4 32.hxg4 Ke7 33.Ke3 Nd7 34.Kd2 f6 35.Rec1 e5 36.fxe5 fxe5
37.Nb3 Rxc1 38.Rxc1 Rxc1 39.Kxc1 Kd6 40.e3 Nc5 41.Nxc5 Kxc5 42.Kd2 a5 43.Be2 b6
44.Bd1 Be8 45.g5 Bf7 46.a3 d4 47.Bg4 Kd6 48.Bf5 Bd5 49.e4 Bf7 50.Bg4 Be8
51.Bf5 Kc5 52.Be6 b5 53.b3 Bh5 54.Bd5 b4 55.a4 Kd6 56.Ke1 Ke7 57.Kf2  1/2-1/2

[Event "16th Vienna Open"]
[Site "Vienna AUT"]
[Date "2009.08.16"]
[Round "2"]
[White "Karner,C"]
[Black "Prakken,G"]
[Result "1-0"]
[WhiteElo "2373"]
[BlackElo "2168"]

1.Nf3 d5 2.g3 c6 3.Bg2 Bg4 4.h3 Bh5 5.O-O e6 6.d3 Bd6 7.e4 Nd7 8.Qe2 Ne7
9.Nbd2 O-O 10.Re1 Bc7 11.b3 a5 12.a4 b5 13.Ba3 Rb8 14.axb5 Rxb5 15.c4 dxc4
16.dxc4 Rb7 17.Qe3 c5 18.Red1 Bb6 19.g4 Bg6 20.e5 Nc6 21.Ne4 Qe7 22.Nd6 Rbb8
23.Nb5 Nb4 24.Ne1 h5 25.Rd6 hxg4 26.hxg4 Rfd8 27.Rad1 Nc2 28.Nxc2 Bxc2 29.R1d2 Bg6
30.Bc6 Nf8 31.Bxc5 Bxc5 32.Qxc5 Qg5 33.Rxd8 Rxd8 34.Rxd8 Qxd8 35.Qd4 Qg5
36.Bg2 Bc2 37.Qc3 Qc1+ 38.Bf1 Qd1 39.f3 Bxb3 40.c5 Nd7 41.c6 Nb6 42.c7 Bc4
43.Qxc4  1-0

[Event "24th Open"]
[Site "Schwarzach AUT"]
[Date "2009.08.17"]
[Round "3"]
[White "Legahn,D"]
[Black "Wegerer,J"]
[Result "0-1"]
[WhiteElo "2207"]
[BlackElo "2063"]

1.g3 d5 2.Nf3 Nf6 3.Bg2 c6 4.d3 Bg4 5.Nbd2 Nbd7 6.h3 Bxf3 7.Bxf3 e6 8.O-O Bd6
9.e4 O-O 10.Bg2 Qc7 11.f4 Bc5+ 12.Kh1 dxe4 13.dxe4 Rfd8 14.Qe2 e5 15.f5 Be7
16.g4 Ne8 17.Nf3 f6 18.Be3 Nd6 19.Rad1 b5 20.Bf2 Nf7 21.h4 Nb6 22.b3 Rxd1
23.Rxd1 Rd8 24.Be3 Rd7 25.g5 Qd8 26.Rxd7 Qxd7 27.Kh2 Qd8 28.g6 Nd6 29.gxh7+ Kxh7
30.Ne1 a6 31.Bf3 Nd7 32.Bh5 Nf8 33.Bg6+ Kg8 34.Qh5 Qa5 35.Nd3 Qc3 36.Qe2 Nxe4
37.Bc1 Qd4 38.Qh5 Qd5 39.b4 c5 40.bxc5 Nxc5 41.Nb4 Qc4 42.Be3 Bd6 43.Kg1 Nb7
44.Nd3 Nd8 45.Qd1 Nxg6 46.fxg6 Qe4 47.Nf2 Qxg6+ 48.Kf1 Nf7 49.Qd5 Qxc2 50.Qa8+ Kh7
51.Qxa6 Qb1+ 52.Kg2 Qb4 53.Qb7 Qc4 54.Qd7 g6 55.h5 Qd5+ 56.Kg1 gxh5 57.Qf5+  0-1

[Event "24th Open"]
[Site "Tetevan BUL"]
[Date "2009.08.19"]
[Round "6"]
[White "Galunov,T"]
[Black "Janchev,P"]
[Result "1-0"]
[WhiteElo "2341"]
[BlackElo "2224"]

1.Nf3 d5 2.g3 Bg4 3.Bg2 Nd7 4.c4 c6 5.cxd5 cxd5 6.Qa4 Bxf3 7.Bxf3 Nf6 8.Nc3 e6
9.e4 dxe4 10.Nxe4 Nd5 11.Nc3 Nb4 12.O-O Be7 13.Bxb7 Rb8 14.Be4 O-O 15.d4 Nf6
16.Bf3 Nfd5 17.Nxd5 Nxd5 18.Qxa7 Ra8 19.Qb7 Bf6 20.Rd1 Rb8 21.Qc6 Rb4 22.Qc5 Qb8
23.Bxd5 Rb5 24.Bf4 e5 25.Bxe5 Bxe5 26.Qc6 Rc8 27.Qd7 Rc7 28.Bxf7+ Kf8 29.Qg4 Rxf7
30.dxe5 Rxe5 31.Rac1 Ref5 32.Rd2 h5 33.Qh4 Re7 34.Rcd1 Qb5 35.b3 Qb6 36.Rd8+ Kf7
37.Qc4+ Re6 38.R8d7+ Kg6 39.Qxe6+ Qxe6 40.R7d6 Kf7 41.Rxe6 Kxe6 42.h4 Rc5
43.Rd2 Ke5 44.Kg2 Ke4 45.Rd7 g6 46.a4 Rc3 47.b4 Rc4 48.Rb7 Kd5 49.a5 Kc6
50.Rb6+ Kc7 51.Rxg6 Rxb4 52.Rg5  1-0

[Event "24th Open"]
[Site "Tetevan BUL"]
[Date "2009.08.19"]
[Round "6"]
[White "Bochev,K"]
[Black "Popov,P"]
[Result "0-1"]
[WhiteElo "2113"]
[BlackElo "2254"]

1.Nf3 d5 2.g3 Nf6 3.Bg2 Nbd7 4.d4 e6 5.c4 c6 6.Qc2 Be7 7.O-O O-O 8.Rd1 b6
9.b3 Ba6 10.Nbd2 Rc8 11.e4 c5 12.exd5 exd5 13.Bb2 cxd4 14.Nxd4 b5 15.Qf5 g6
16.Qh3 bxc4 17.bxc4 Bxc4 18.Nxc4 Rxc4 19.Ne6 fxe6 20.Qxe6+ Rf7 21.Rxd5 Qb6
22.Qe2 Qc7 23.Rd2 Nb6 24.Rad1 Qc8 25.Ba3 Qc7 26.Bb2 Kg7 27.Bh3 Bb4 28.Rd8 Bc3
29.Ba3 Re4 30.Qf3 Qc6 31.Qd3 Re1+ 32.Rxe1 Bxe1 33.Qe2 Bc3 34.Be6 Qc7 35.Qd3 Rd7
36.Bf8+ Kh8 37.Rxd7 Nbxd7 38.Bd6 Qc6 39.Bb3 Kg7 40.Bf4 Be5 41.Be3 h5 42.Bxa7 h4
43.Bc2 Nf8 44.gxh4 Qc7 45.Be3 Bxh2+ 46.Kg2 Be5 47.Bg5 Nh5 48.Bb3 Qc6+ 49.Bd5 Qd6
50.Qf3 Ne6 51.Bxe6 Qxe6 52.Qb7+ Qf7 53.Bh6+ Kg8 54.Qe4 Bf6 55.a4 Kh7 56.Be3 Qc7
57.Qb4 Ng7 58.Qe4 Qa5 59.f3 Nf5 60.Bf2 Bd8 61.Qe8 Ng7 62.Qe4 Qd2 63.Qc4 Bb6
64.Qf1 Nf5 65.Qe1 Nxh4+ 66.Kh3 Qxe1 67.Bxe1 Nxf3 68.a5 Ba7 69.Bg3 Nd4 70.Kg4 Nc6
71.Bc7 Kg7 72.Kg5 Kf7 73.Bb6 Bxb6 74.axb6 Kg7 75.b7 Kf7 76.Kg4 Kf6 77.Kf4 g5+
78.Kg4 Kg6 79.Kf3 Kf5 80.Kg3 g4 81.Kg2 Kf4 82.Kf2 g3+ 83.Kg2 Kg4 84.Kg1 Kf3
85.Kf1 g2+ 86.Kg1 Nb8  0-1

[Event "24th Open"]
[Site "Schwarzach AUT"]
[Date "2009.08.20"]
[Round "6"]
[White "Laqua,C"]
[Black "Hulpia,F"]
[Result "1/2-1/2"]
[WhiteElo "2157"]
[BlackElo "2028"]

1.g3 d5 2.Nf3 Nf6 3.b3 g6 4.Bb2 Bg7 5.Bg2 O-O 6.c4 c6 7.O-O b6 8.d3 Bb7 9.Nbd2 Nbd7
10.Qc2 Re8 11.e4 e5 12.exd5 cxd5 13.Rfe1 e4 14.dxe4 Nxe4 15.Bxg7 Kxg7 16.cxd5 Rc8
17.Qd3 Nec5 18.Qd4+ Nf6 19.Rxe8 Qxe8 20.Re1 Qd8 21.b4 Nd7 22.Bh3 Bxd5 23.Ne5 Nxe5
24.Rxe5  1/2-1/2

[Event "XXVI Open A"]
[Site "Collado Villalba ESP"]
[Date "2009.08.21"]
[Round "1"]
[White "Prada Lopez,M"]
[Black "Ocana Lameiro,O"]
[Result "1/2-1/2"]
[WhiteElo "2151"]
[BlackElo "1878"]

1.Nf3 d5 2.g3 c6 3.b3 g6 4.Bb2 Nf6 5.Bg2 Bg7 6.O-O O-O 7.d3 a5 8.a4 Nbd7
9.Nbd2 Ng4 10.Bxg7 Kxg7 11.h3 Nge5 12.Qc1 e6 13.Nd4 Qf6 14.e3 Nb8 15.f4 Ned7
16.Kh2 Na6 17.N2f3 e5 18.fxe5 Nxe5 19.Qb2 Kg8 20.Nh4 Qg7 21.Kh1 Nb4 22.Qc3 Nd7
23.Qd2 Nf6 24.Nhf3 Qh6 25.e4 Qxd2 26.Nxd2 Nh5 27.Rf3 Be6 28.g4 Ng7 29.Raf1 Rad8
30.c3 Na2 31.Nxe6 fxe6 32.d4 Rxf3 33.Rxf3 Rf8 34.exd5 exd5 35.c4 Ne6 36.cxd5 Rxf3
37.Bxf3 Nxd4 38.dxc6 bxc6 39.Kg2 Nc1 40.Kf2 Kf8  1/2-1/2